[Event "Kolding-ch DanPump GM/IM"]
[Site "Kolding"]
[Date "2018.04.13"]
[Round "1"]
[White "Bjerre, Jonas Buhl"]
[Black "Gergacz, Attila"]
[Result "1-0"]
[WhiteElo "2378"]
[BlackElo "2360"]
[PlyCount "47"]
[EventDate "2018.04.13"]
[EventType "tourn"]
[EventRounds "5"]
[EventCountry "DEN"]
[SourceTitle "EXT 2023"]
[Source "ChessBase"]
[SourceDate "2022.10.05"]
[SourceVersion "1"]
[SourceVersionDate "2022.10.05"]
[SourceQuality "1"]

1. e4 c5 2. Nf3 Nc6 3. d4 cxd4 4. Nxd4 Nf6 5. Nc3 d6 6. Bg5 Bd7 7. Qd2 Nxd4 8. Qxd4 h6 9. Bh4 g5 10. Bg3 Bg7 11. Bc4 Nh5 12. Qd3 Nxg3 13. hxg3 Rc8 14. 0-0 Qc7 15. Bb3 Bxc3 16. bxc3 0-0 17. e5 Qxc3 18. Qg6+ Kh8 19. Qxh6+ Kg8 20. Qxg5+ Kh8 21. Qxe7 Be6 22. exd6 Rce8 23. Qh4+ Kg8 24. Rad1 1-0

[Event "Kolding-ch DanPump GM/IM"]
[Site "Kolding"]
[Date "2018.04.13"]
[Round "3"]
[White "Gergacz, Attila"]
[Black "Haub, Thorsten Michael"]
[Result "1-0"]
[WhiteElo "2360"]
[BlackElo "2411"]
[PlyCount "123"]
[EventDate "2018.04.13"]
[EventType "tourn"]
[EventRounds "5"]
[EventCountry "DEN"]
[SourceTitle "EXT 2023"]
[Source "ChessBase"]
[SourceDate "2022.10.05"]
[SourceVersion "1"]
[SourceVersionDate "2022.10.05"]
[SourceQuality "1"]

1. e4 g6 2. d4 Bg7 3. Nc3 d6 4. Bc4 e6 5. Be3 Ne7 6. h4 h6 7. Bb3 a6 8. a4 Nd7 9. f4 h5 10. e5 Nb6 11. Nf3 Nbd5 12. Nxd5 exd5 13. Ng5 0-0 14. 0-0 c6 15. c4 dxc4 16. Bxc4 d5 17. Be2 f6 18. Nf3 Bg4 19. g3 Nf5 20. Bf2 Nh6 21. Nd2 Re8 22. Bxg4 Nxg4 23. Qc2 f5 24. Rfc1 Bf8 25. Be1 Re6 26. Qd3 a5 27. Nb3 b6 28. Kg2 Qd7 29. Rc2 Qb7 30. Bd2 Rc8 31. Rac1 Nh6 32. Qf3 Nf7 33. Bc3 Ree8 34. Bxa5 bxa5 35. Nxa5 Qd7 36. Rxc6 Rxc6 37. Rxc6 Re6 38. Qc3 Nd8 39. Rxe6 Qxe6 40. b4 Qe7 41. Nc6 Nxc6 42. Qxc6 Qxb4 43. Qxg6+ Bg7 44. Qe6+ Kh7 45. Qxf5+ Kg8 46. Qe6+ Kh7 47. Qxd5 Qxa4 48. Qe4+ Kg8 49. f5 Qa2+ 50. Kh3 Qf2 51. f6 Qf1+ 52. Qg2 Qf5+ 53. g4 Qd3+ 54. Qg3 hxg4+ 55. Kxg4 Qe4+ 56. Kg5 Bf8 57. Qg4 Qh7 58. Qe6+ Kh8 59. Qe8 Qh6+ 60. Kf5 Kh7 61. h5 Qe3 62. Qf7+ 1-0

[Event "Titled Tuesday intern Qual4 25th April"]
[Site "Chess.com INT"]
[Date "2017.04.25"]
[Round "5"]
[White "Gergacz, Attila"]
[Black "Seul, Georg"]
[Result "0-1"]
[WhiteElo "2364"]
[BlackElo "2397"]
[PlyCount "142"]
[EventDate "2017.04.25"]
[EventType "swiss (blitz)"]
[EventRounds "10"]
[EventCountry "USA"]
[SourceTitle "EXT 2021"]
[Source "ChessBase"]
[SourceDate "2020.10.23"]
[SourceVersion "1"]
[SourceVersionDate "2020.10.23"]
[SourceQuality "1"]

1. e4 d6 2. d4 g6 3. Nc3 Bg7 4. Be3 a6 5. f3 b5 6. h4 h5 7. Nh3 Bxh3 8. Rxh3 Nf6 9. Qd2 Nbd7 10. Bg5 c6 11. Be2 Qc7 12. a3 c5 13. Be3 cxd4 14. Bxd4 Rc8 15. g4 hxg4 16. fxg4 Nc5 17. Bf3 Ne6 18. Be3 Nd7 19. h5 g5 20. Be2 Bxc3 21. Qxc3 Qxc3+ 22. bxc3 Rxc3 23. Kd2 Rc6 24. a4 bxa4 25. Rxa4 Ndc5 26. Rb4 0-0 27. Rh1 Rfc8 28. Rhb1 Nd7 29. Bd3 Ne5 30. Rb8 Nxg4 31. Rxc8+ Rxc8 32. Bb6 Nf6 33. Ke3 Nxh5 34. Rg1 Nhf4 35. Bd4 Nxd4 36. Rxg5+ Ng6 37. Kxd4 Kg7 38. Ra5 Ne5 39. Rxa6 Nxd3 40. cxd3 Rc5 41. Ra7 Kf6 42. Ra1 Ke6 43. Rf1 f5 44. exf5+ Rxf5 45. Re1+ Re5 46. Rc1 Re2 47. Rh1 Kd7 48. Rh7 Kc6 49. Rh6 e5+ 50. Kc4 Re1 51. Rh8 Rc1+ 52. Kb3 Kd5 53. Kb2 Rc6 54. Rh4 Rc7 55. Kb3 Rc6 56. Kb2 Ke6 57. Kb3 Kf5 58. Kb2 d5 59. Kb3 e4 60. Rh3 exd3 61. Rxd3 Ke4 62. Rd1 d4 63. Re1+ Kd3 64. Re8 Kd2 65. Rd8 d3 66. Re8 Kd1 67. Rd8 d2 68. Kb2 Rb6+ 69. Kc3 Kc1 70. Ra8 d1Q 71. Ra1+ Rb1 0-1

[Event "Titled Tuesday intern Qual4 25th April"]
[Site "Chess.com INT"]
[Date "2017.04.25"]
[Round "4"]
[White "Taboas Rodriguez, Daniel"]
[Black "Gergacz, Attila"]
[Result "1-0"]
[WhiteElo "2392"]
[BlackElo "2364"]
[PlyCount "85"]
[EventDate "2017.04.25"]
[EventType "swiss (blitz)"]
[EventRounds "10"]
[EventCountry "USA"]
[SourceTitle "EXT 2021"]
[Source "ChessBase"]
[SourceDate "2020.10.23"]
[SourceVersion "1"]
[SourceVersionDate "2020.10.23"]
[SourceQuality "1"]

1. d4 Nf6 2. Nf3 g6 3. c4 Bg7 4. Nc3 d6 5. e4 0-0 6. Be2 e5 7. dxe5 dxe5 8. Qxd8 Rxd8 9. Bg5 Re8 10. Nd5 Nxd5 11. cxd5 c6 12. Bc4 b5 13. Bb3 c5 14. a4 c4 15. Bd1 b4 16. Rc1 Ba6 17. Nd2 Rc8 18. Bg4 Rc5 19. Be7 Ra5 20. Nxc4 Rxa4 21. b3 Ra2 22. Bxb4 Bxc4 23. bxc4 Na6 24. Be7 f5 25. exf5 Kf7 26. Bd6 Bh6 27. Rd1 Rd8 28. c5 Nb4 29. 0-0 Bf8 30. fxg6+ hxg6 31. Bxf8 Kxf8 32. c6 Rc2 33. Be6 Ke7 34. Rc1 Kd6 35. Rxc2 Nxc2 36. Rc1 Rb8 37. h4 Rb2 38. Bf7 Kc7 39. Bxg6 Nd4 40. d6+ Kxd6 41. c7 Ne2+ 42. Kh2 Nxc1 43. c8Q 1-0

[Event "Titled Tuesday intern Qual1 4th April"]
[Site "Chess.com INT"]
[Date "2017.04.04"]
[Round "8"]
[White "Cupid, Kevin"]
[Black "Gergacz, Attila"]
[Result "0-1"]
[WhiteElo "2147"]
[BlackElo "2364"]
[PlyCount "84"]
[EventDate "2017.04.04"]
[EventType "swiss (blitz)"]
[EventRounds "10"]
[EventCountry "USA"]
[SourceTitle "EXT 2021"]
[Source "ChessBase"]
[SourceDate "2020.10.23"]
[SourceVersion "1"]
[SourceVersionDate "2020.10.23"]
[SourceQuality "1"]

1. d4 Nf6 2. c3 d5 3. Nf3 c6 4. g3 Bf5 5. Bg2 Qc8 6. Qb3 b6 7. Bf4 Bh3 8. 0-0 Bxg2 9. Kxg2 h6 10. Nbd2 g5 11. Bxb8 Rxb8 12. Ne5 h5 13. e4 h4 14. Rh1 h3+ 15. Kf1 Bg7 16. exd5 cxd5 17. Ndf3 Qf5 18. Qb5+ Kf8 19. Rg1 g4 20. Nh4 Rxh4 21. gxh4 Ne4 22. Qe2 g3 23. Rxg3 Bxe5 24. dxe5 Nxg3+ 25. hxg3 d4 26. Kg1 d3 27. Qe3 d2 28. Rd1 Rd8 29. Kh2 Qc2 30. e6 fxe6 31. Qf3+ Ke8 32. Kxh3 Qxb2 33. h5 Rd5 34. g4 Rc5 35. Qa8+ Kd7 36. Qb7+ Rc7 37. Qe4 Rxc3+ 38. f3 e5 39. Kg3 e6 40. Qxe5 Rxf3+ 41. Kxf3 Qxe5 42. Rxd2+ Ke7 0-1

[Event "Titled Tuesday intern Qual1 4th April"]
[Site "Chess.com INT"]
[Date "2017.04.04"]
[Round "2"]
[White "Deac, Bogdan Daniel"]
[Black "Gergacz, Attila"]
[Result "1-0"]
[WhiteElo "2576"]
[BlackElo "2364"]
[PlyCount "65"]
[EventDate "2017.04.04"]
[EventType "swiss (blitz)"]
[EventRounds "10"]
[EventCountry "USA"]
[SourceTitle "EXT 2021"]
[Source "ChessBase"]
[SourceDate "2020.10.23"]
[SourceVersion "1"]
[SourceVersionDate "2020.10.23"]
[SourceQuality "1"]

1. e4 e6 2. d3 d5 3. Qe2 Nf6 4. g3 c5 5. Bg2 Nc6 6. exd5 Nxd5 7. Nf3 Be7 8. 0-0 0-0 9. Rd1 Qc7 10. d4 b6 11. c4 Nf6 12. Bf4 Bd6 13. Bg5 Bb7 14. Bxf6 gxf6 15. Nc3 a6 16. d5 Ne5 17. Ne4 Nxf3+ 18. Qxf3 f5 19. Nxd6 Qxd6 20. dxe6 Bxf3 21. Rxd6 Bxg2 22. Kxg2 fxe6 23. Rxe6 Rab8 24. Rd1 Rf7 25. Rdd6 b5 26. cxb5 axb5 27. b3 f4 28. gxf4 Rxf4 29. Re7 c4 30. Rdd7 cxb3 31. Rg7+ Kf8 32. axb3 Rg4+ 33. Rxg4 1-0

[Event "Titled Tuesday intern Qual1 4th April"]
[Site "Chess.com INT"]
[Date "2017.04.04"]
[Round "1"]
[White "Shimanov, Aleksandr"]
[Black "Gergacz, Attila"]
[Result "1-0"]
[WhiteElo "2650"]
[BlackElo "2364"]
[PlyCount "71"]
[EventDate "2017.04.04"]
[EventType "swiss (blitz)"]
[EventRounds "10"]
[EventCountry "USA"]
[SourceTitle "EXT 2021"]
[Source "ChessBase"]
[SourceDate "2020.10.23"]
[SourceVersion "1"]
[SourceVersionDate "2020.10.23"]
[SourceQuality "1"]

1. d4 e6 2. Bf4 d5 3. e3 Nf6 4. Nd2 c5 5. c3 Nc6 6. Ngf3 Bd6 7. Bg3 Qc7 8. Bb5 Bd7 9. dxc5 Bxg3 10. hxg3 Qa5 11. a4 Qc7 12. 0-0 a6 13. Bxc6 bxc6 14. b4 e5 15. e4 0-0 16. Re1 Bg4 17. Qc2 Rfe8 18. exd5 cxd5 19. Re3 e4 20. Nd4 Bd7 21. Nf1 Qe5 22. Ree1 Qh5 23. Ne3 Rac8 24. c4 Re5 25. cxd5 Qh6 26. c6 Bg4 27. f4 Rh5 28. Kf2 Bf3 29. Rg1 Rh2 30. d6 Qh3 31. Nxf3 exf3 32. Kxf3 Qh5+ 33. Kf2 Re8 34. d7 Nxd7 35. cxd7 Rd8 36. Qc7 1-0

[Event "Titled Tuesday intern Qual1 4th April"]
[Site "Chess.com INT"]
[Date "2017.04.04"]
[Round "5"]
[White "Williams, Simon Kim"]
[Black "Gergacz, Attila"]
[Result "1-0"]
[WhiteElo "2452"]
[BlackElo "2364"]
[PlyCount "36"]
[EventDate "2017.04.04"]
[EventType "swiss (blitz)"]
[EventRounds "10"]
[EventCountry "USA"]
[SourceTitle "EXT 2021"]
[Source "ChessBase"]
[SourceDate "2020.10.23"]
[SourceVersion "1"]
[SourceVersionDate "2020.10.23"]
[SourceQuality "1"]

1. e4 e6 2. Nf3 d5 3. e5 c5 4. b4 cxb4 5. d4 f5 6. a3 Bd7 7. axb4 Bxb4+ 8. c3 Be7 9. Rg1 Nc6 10. g4 g6 11. gxf5 exf5 12. Na3 Qa5 13. Qb3 0-0-0 14. Rb1 b6 15. Nc2 b5 16. Bxb5 a6 17. Bd3 Rf8 18. e6 Bd6 1-0

[Event "Vaxjo Visma IM-B"]
[Site "Vaxjo"]
[Date "2016.06.30"]
[Round "3"]
[White "Mihajlov, Sebastian"]
[Black "Gergacz, Attila"]
[Result "0-1"]
[WhiteElo "2348"]
[BlackElo "2378"]
[PlyCount "96"]
[EventDate "2016.06.29"]
[EventType "tourn"]
[EventRounds "9"]
[EventCountry "SWE"]
[EventCategory "4"]
[SourceTitle "EXT 2017"]
[Source "ChessBase"]
[SourceDate "2016.10.25"]
[SourceVersion "1"]
[SourceVersionDate "2016.10.25"]
[SourceQuality "1"]

1. d4 d5 2. c4 c6 3. Nf3 Nf6 4. Nc3 e6 5. e3 Nbd7 6. Bd3 Bd6 7. 0-0 0-0 8. e4 dxe4 9. Nxe4 Nxe4 10. Bxe4 h6 11. Re1 Nf6 12. Bc2 c5 13. b3 b6 14. Bb2 Bb7 15. dxc5 Bxc5 16. Qe2 Ng4 17. Rf1 Bxf3 18. Qxf3 Qh4 19. h3 Nf6 20. Rad1 Rad8 21. Be5 Qh5 22. Qg3 Qg5 23. Qc3 Nh5 24. g3 Bb4 25. Qe3 Bc5 26. Qxg5 hxg5 27. Kg2 f5 28. f4 gxf4 29. gxf4 Kf7 30. Bc7 Rxd1 31. Rxd1 Nf6 32. Be5 Rg8 33. Kf3 g5 34. fxg5 Rxg5 35. a3 Rh5 36. Kg2 a5 37. Bd6 Be3 38. Kg3 Nd7 39. b4 axb4 40. axb4 e5 41. Bc7 f4+ 42. Kg2 Rg5+ 43. Kh2 Nf6 44. Rd6 Ne8 45. Rc6 f3 46. Be4 Rg2+ 47. Kh1 Rg1+ 48. Kh2 f2 0-1

[Event "Kolding Sondex Cup Gp1"]
[Site "Kolding"]
[Date "2016.04.09"]
[Round "2"]
[White "Gergacz, Attila"]
[Black "Antonsen, Mikkel"]
[Result "0-1"]
[WhiteElo "2381"]
[BlackElo "2469"]
[PlyCount "79"]
[EventDate "2016.04.08"]
[EventType "tourn"]
[EventRounds "5"]
[EventCountry "DEN"]
[EventCategory "9"]
[SourceTitle "CBM 171 Extra"]
[Source "ChessBase"]
[SourceDate "2016.04.26"]
[SourceVersion "1"]
[SourceVersionDate "2016.04.26"]
[SourceQuality "1"]

1. e4 e5 2. Nc3 Nf6 3. g3 Bc5 4. Bg2 Nc6 5. Nge2 a6 6. 0-0 d6 7. Nd5 Nxd5 8. exd5 Nd4 9. Nxd4 Bxd4 10. c3 Bb6 11. d4 exd4 12. Re1+ Kf8 13. Qf3 dxc3 14. Qxc3 Bd7 15. a4 a5 16. Re4 Bc5 17. Bh6 Rg8 18. Be3 b6 19. Rh4 h6 20. Bxc5 bxc5 21. Re1 Qf6 22. Qd2 g5 23. Rhe4 Kg7 24. Re7 Rgd8 25. R1e3 Rab8 26. b3 Rb4 27. Qe2 Kf8 28. Rxd7 Rxd7 29. Re8+ Kg7 30. Re3 Rd8 31. Be4 Re8 32. g4 Qd4 33. Bf5 Rxe3 34. fxe3 Qa1+ 35. Kg2 Rxb3 36. Bc2 Rc3 37. Be4 Rc1 38. Bd3 Qc3 39. Kf2 c4 40. Be4 0-1

[Event "Titled Tuesday intern op 4th Aug"]
[Site "Chess.com INT"]
[Date "2015.08.04"]
[Round "2"]
[White "Ducarmon, Quinten"]
[Black "Gergacz, Attila"]
[Result "1-0"]
[WhiteElo "2475"]
[BlackElo "2364"]
[PlyCount "61"]
[EventDate "2015.08.04"]
[EventType "swiss (blitz)"]
[EventRounds "9"]
[EventCountry "USA"]
[SourceTitle "EXT 2021"]
[Source "ChessBase"]
[SourceDate "2020.10.23"]
[SourceVersion "1"]
[SourceVersionDate "2020.10.23"]
[SourceQuality "1"]

1. e4 e6 2. d4 d5 3. Nd2 Nf6 4. e5 Nfd7 5. Bd3 c5 6. c3 Nc6 7. Ngf3 Be7 8. 0-0 g5 9. dxc5 g4 10. Nd4 Ndxe5 11. Bb5 h5 12. Re1 Bd7 13. N2b3 Nxd4 14. Qxd4 Bxb5 15. Rxe5 Bf6 16. Bg5 Bxg5 17. Rxg5 f6 18. Rg7 e5 19. Qb4 Bc6 20. Na5 Rb8 21. Nxc6 bxc6 22. Qa4 Kf8 23. Qxa7 Qe8 24. b4 Rg8 25. Rh7 e4 26. Qc7 Rd8 27. a4 h4 28. a5 g3 29. hxg3 hxg3 30. fxg3 e3 31. Rf1 1-0

[Event "Titled Tuesday intern op 2nd June"]
[Site "Chess.com INT"]
[Date "2015.06.02"]
[Round "2"]
[White "Gergacz, Attila"]
[Black "Shahade, Gregory P"]
[Result "1-0"]
[WhiteElo "2364"]
[BlackElo "2476"]
[PlyCount "109"]
[EventDate "2015.06.02"]
[EventType "swiss (blitz)"]
[EventRounds "9"]
[EventCountry "USA"]
[SourceTitle "EXT 2021"]
[Source "ChessBase"]
[SourceDate "2020.10.23"]
[SourceVersion "1"]
[SourceVersionDate "2020.10.23"]
[SourceQuality "1"]

1. e4 e5 2. Nf3 Nc6 3. Bc4 Bc5 4. d3 d6 5. c3 a6 6. b4 Ba7 7. 0-0 Nf6 8. Bb2 0-0 9. Nbd2 Be6 10. a4 Re8 11. h3 Qd7 12. Kh2 Nh5 13. Nh4 Nf4 14. Qf3 Ne7 15. d4 Bxc4 16. Nxc4 Qe6 17. Ne3 g6 18. d5 Qf6 19. g3 Nh5 20. Qg4 Qg7 21. Qd7 Bb6 22. a5 Rad8 23. Qg4 Ba7 24. c4 Nf6 25. Qf3 Nd7 26. Qe2 Rf8 27. f4 f6 28. Ng4 h5 29. Ne3 Bxe3 30. Qxe3 g5 31. fxg5 fxg5 32. Nf3 g4 33. Ng5 Rxf1 34. Rxf1 Qh6 35. h4 Rf8 36. Rxf8+ Nxf8 37. Qf2 Qg7 38. c5 Neg6 39. Qf5 Qe7 40. Ba3 Kg7 41. c6 bxc6 42. dxc6 Qf6 43. b5 Qxf5 44. exf5 Ne7 45. Bxd6 cxd6 46. c7 axb5 47. a6 Nc8 48. Ne4 b4 49. Nxd6 Nxd6 50. a7 b3 51. a8Q b2 52. Qb8 Nd7 53. Qxb2 Kf6 54. Qd2 Ne4 55. Qxd7 1-0

[Event "Fredericia"]
[Site "Fredericia"]
[Date "2015.05.06"]
[Round "1"]
[White "Thogersen, Rasmus"]
[Black "Gergacz, Attila"]
[Result "1/2-1/2"]
[WhiteElo "2128"]
[BlackElo "2374"]
[PlyCount "133"]
[EventDate "2015.05.06"]
[EventType "tourn"]
[EventRounds "9"]
[EventCountry "DEN"]
[EventCategory "4"]
[SourceTitle "CBM 166 Extra"]
[Source "ChessBase"]
[SourceDate "2015.06.18"]
[SourceVersion "1"]
[SourceVersionDate "2015.06.18"]
[SourceQuality "1"]

1. d4 Nf6 2. c4 g6 3. Nc3 Bg7 4. e4 d6 5. Nf3 0-0 6. Be2 e5 7. 0-0 Nc6 8. d5 Ne7 9. Ne1 Nd7 10. Be3 f5 11. f3 f4 12. Bf2 g5 13. Nd3 Rf6 14. c5 Rh6 15. Nb5 Nf6 16. Nxa7 Bd7 17. Qb3 g4 18. c6 b6 19. cxd7 Rxa7 20. Nxe5 g3 21. hxg3 Nh5 22. Nc6 Nxg3 23. Bxg3 fxg3 24. f4 Qxd7 25. Rad1 Ra8 26. Rf3 Kh8 27. Rxg3 Nxc6 28. Bb5 Qf7 29. Bxc6 Rf8 30. Rf3 Qh5 31. Bd7 Qh2+ 32. Kf2 Rh4 33. Bf5 Rg8 34. Qe3 Bf6 35. Rg1 Bxb2 36. Kf1 Bf6 37. g3 Qxa2 38. Qe2 Qa4 39. e5 dxe5 40. fxe5 Qa1+ 41. Kg2 Qxe5 42. Qxe5 Bxe5 43. Be6 Rd4 44. Bxg8 Kxg8 45. Rf5 Rxd5 46. Kf3 Ra5 47. Ke4 Bd6 48. Rxa5 bxa5 49. Kd5 a4 50. Ke6 Kg7 51. g4 Kg6 52. Rh1 a3 53. Kd5 Bf8 54. Ra1 Kg5 55. Kc6 Bd6 56. Rh1 Be5 57. Rxh7 a2 58. Rh1 Kxg4 59. Rf1 Kg3 60. Re1 Kf4 61. Rh1 Ke4 62. Rh4+ Kd3 63. Ra4 Bd6 64. Rxa2 Kc4 65. Ra7 Kd4 66. Rxc7 Bxc7 67. Kxc7 1/2-1/2

[Event "Titled Tuesday intern op 2nd May"]
[Site "Chess.com INT"]
[Date "2015.05.05"]
[Round "4"]
[White "Gergacz, Attila"]
[Black "Rosen, Eric S"]
[Result "0-1"]
[WhiteElo "2374"]
[BlackElo "2372"]
[PlyCount "62"]
[EventDate "2015.05.05"]
[EventType "swiss (blitz)"]
[EventRounds "9"]
[EventCountry "USA"]
[SourceTitle "EXT 2021"]
[Source "ChessBase"]
[SourceDate "2020.10.23"]
[SourceVersion "1"]
[SourceVersionDate "2020.10.23"]
[SourceQuality "1"]

1. e4 c5 2. Nf3 e6 3. d4 cxd4 4. Nxd4 Nc6 5. c4 Nf6 6. Nc3 Bb4 7. Nxc6 bxc6 8. Bd3 d6 9. 0-0 Bxc3 10. bxc3 0-0 11. Ba3 c5 12. e5 dxe5 13. Bxc5 Re8 14. Qf3 Rb8 15. Bxa7 Bb7 16. Qe2 Ra8 17. Be3 Qa5 18. Rfc1 Rec8 19. f3 Ba6 20. Bg5 Nd7 21. Bxh7+ Kxh7 22. Qd3+ e4 23. Qxd7 Qxg5 24. fxe4 Bxc4 25. Qxf7 Rf8 26. Qc7 Rac8 27. Qd6 Rf6 28. a4 Rg6 29. Rc2 Rd8 30. Qb6 Bd3 31. Rd2 Qxd2 0-1

[Event "HUN-chT2 Charousek 1415"]
[Site "Hungary"]
[Date "2015.04.26"]
[Round "9"]
[White "Molnar, Bela"]
[Black "Gergacz, Attila"]
[Result "1/2-1/2"]
[WhiteElo "2307"]
[BlackElo "2363"]
[PlyCount "86"]
[EventDate "2014.10.12"]
[EventType "team-tourn"]
[EventRounds "9"]
[EventCountry "HUN"]
[SourceTitle "EXT 2016"]
[Source "ChessBase"]
[SourceDate "2015.10.08"]
[SourceVersion "1"]
[SourceVersionDate "2015.10.08"]
[SourceQuality "1"]
[WhiteTeam "Paks ASE II"]
[BlackTeam "Aquaprofit II"]
[WhiteTeamCountry "HUN"]
[BlackTeamCountry "HUN"]

1. e4 e6 2. d4 d5 3. Nc3 Nf6 4. e5 Nfd7 5. Nce2 c5 6. c3 Nc6 7. f4 a5 8. Nf3 a4 9. h4 cxd4 10. cxd4 Bb4+ 11. Kf2 a3 12. b3 h5 13. Be3 f5 14. exf6 Nxf6 15. Qd3 Ne4+ 16. Kg1 b6 17. Ng3 Ba6 18. Qc2 Nxg3 19. Qxc6+ Kf8 20. Bxa6 Nxh1 21. Kxh1 Rxa6 22. Ng5 Qe8 23. Qb7 Ra8 24. Nxe6+ Qxe6 25. Qxa8+ Qe8 26. Qxe8+ Kxe8 27. Rc1 Kd7 28. Kg1 Re8 29. Kf2 g6 30. Kf3 Re4 31. g3 Bd6 32. Rg1 Re8 33. Rc1 Bb4 34. Rc2 Re4 35. Bf2 Re8 36. g4 hxg4+ 37. Kxg4 Bd6 38. f5 gxf5+ 39. Kxf5 Rf8+ 40. Kg4 Rg8+ 41. Kh3 b5 42. Be1 Re8 43. Bf2 Rg8 1/2-1/2

[Event "Kolding Sondex Cup Gp2"]
[Site "Kolding"]
[Date "2015.04.18"]
[Round "3"]
[White "Matthiesen, Martin"]
[Black "Gergacz, Attila"]
[Result "0-1"]
[WhiteElo "2288"]
[BlackElo "2363"]
[PlyCount "68"]
[EventDate "2015.04.17"]
[EventType "tourn"]
[EventRounds "5"]
[EventCountry "DEN"]
[EventCategory "3"]
[SourceTitle "EXT 2018"]
[Source "ChessBase"]
[SourceDate "2017.10.13"]
[SourceVersion "1"]
[SourceVersionDate "2017.10.13"]
[SourceQuality "1"]

1. d4 Nf6 2. c4 d6 3. Nf3 c5 4. Nc3 cxd4 5. Nxd4 Nc6 6. e4 g6 7. Be2 Nxd4 8. Qxd4 Bg7 9. Bg5 0-0 10. Qd2 Be6 11. Rc1 Rc8 12. b3 a6 13. 0-0 Re8 14. f3 Nd7 15. Nd5 Nc5 16. Kh1 a5 17. Rfd1 h5 18. Qe3 f6 19. Bh4 Kh7 20. f4 Bh6 21. Rc2 Nxe4 22. Bf3 Nc5 23. Re2 Bxd5 24. cxd5 Qd7 25. Be1 Qf5 26. g3 e5 27. dxe6 Rxe6 28. Qd4 Rce8 29. Rxe6 Rxe6 30. Bxa5 h4 31. b4 Ne4 32. Kg2 g5 33. fxg5 h3+ 34. Kg1 Qxf3 0-1

[Event "EU-ch rapid"]
[Site "Wroclaw"]
[Date "2014.12.21"]
[Round "8"]
[White "Gergacz, Attila"]
[Black "Dmochowska, Agnieszka"]
[Result "0-1"]
[WhiteElo "2352"]
[BlackElo "1916"]
[PlyCount "87"]
[EventDate "2014.12.20"]
[EventType "swiss (rapid)"]
[EventRounds "11"]
[EventCountry "POL"]
[SourceTitle "CBM 164 Extra"]
[Source "ChessBase"]
[SourceDate "2015.03.02"]
[SourceVersion "1"]
[SourceVersionDate "2015.03.02"]
[SourceQuality "1"]

1. e4 c5 2. Nf3 Nc6 3. d4 cxd4 4. Nxd4 Nf6 5. Nc3 d6 6. Be2 e5 7. Nb3 Be7 8. 0-0 0-0 9. Bf3 a5 10. Be3 a4 11. Nd2 Be6 12. Nd5 Nd4 13. Nc4 Bxd5 14. exd5 Nxf3+ 15. Qxf3 b5 16. Na3 Qa5 17. Rfd1 Rfc8 18. Qe2 b4 19. Nc4 Qb5 20. b3 Nxd5 21. Rd3 axb3 22. cxb3 e4 23. Rd4 Bf6 24. Rad1 Nc3 25. Qg4 h5 26. Qh3 Ne2+ 27. Kh1 Nxd4 28. Bxd4 Bxd4 29. Rxd4 Qc5 30. Rd1 Qxf2 31. Qxh5 Rxa2 32. Qg4 Rca8 33. h3 e3 34. Nxe3 Qxe3 35. Kh2 Qe5+ 36. Qg3 Qxg3+ 37. Kxg3 R8a3 38. Rxd6 Rxb3+ 39. Kf4 Rxg2 40. h4 Rh3 41. Ke5 b3 42. Rb6 b2 43. Kd6 Rh1 44. Ke7 0-1

[Event "EU-ch rapid"]
[Site "Wroclaw"]
[Date "2014.12.20"]
[Round "3"]
[White "Vitiugov, Nikita"]
[Black "Gergacz, Attila"]
[Result "1-0"]
[WhiteElo "2738"]
[BlackElo "2352"]
[PlyCount "75"]
[EventDate "2014.12.20"]
[EventType "swiss (rapid)"]
[EventRounds "11"]
[EventCountry "POL"]
[SourceTitle "CBM 164 Extra"]
[Source "ChessBase"]
[SourceDate "2015.03.02"]
[SourceVersion "1"]
[SourceVersionDate "2015.03.02"]
[SourceQuality "1"]

1. b3 e5 2. Bb2 Nc6 3. e3 d5 4. Bb5 Bd6 5. f4 Qe7 6. Nf3 Bg4 7. fxe5 Bxf3 8. Qxf3 Bxe5 9. Nc3 Nf6 10. 0-0-0 a6 11. Bxc6+ bxc6 12. Kb1 0-0 13. g4 a5 14. g5 Ne4 15. Nxe4 Bxb2 16. Nf6+ gxf6 17. Kxb2 fxg5 18. h4 f6 19. a4 Kg7 20. Qh5 Kh8 21. Rdf1 Qg7 22. Rf5 g4 23. Rg1 Rg8 24. Rf4 f5+ 25. d4 Raf8 26. Rxf5 Rxf5 27. Qxf5 Qg6 28. Qe5+ Rg7 29. Rf1 Qd6 30. h5 Qxe5 31. dxe5 g3 32. e6 g2 33. Rg1 Kg8 34. b4 axb4 35. a5 c5 36. a6 c6 37. Rxg2 Rxg2 38. a7 1-0

[Event "World University-ch 13th"]
[Site "Katowice"]
[Date "2014.08.22"]
[Round "7"]
[White "Gergacz, Attila"]
[Black "Wyss, Jonas"]
[Result "0-1"]
[WhiteElo "2374"]
[BlackElo "2276"]
[PlyCount "37"]
[EventDate "2014.08.18"]
[EventType "swiss"]
[EventRounds "9"]
[EventCountry "POL"]
[SourceTitle "CBM 161 Extra"]
[Source "ChessBase"]
[SourceDate "2014.08.29"]
[SourceVersion "1"]
[SourceVersionDate "2014.08.29"]
[SourceQuality "1"]

1. e4 e6 2. d4 d5 3. Nd2 Nf6 4. e5 Nfd7 5. Bd3 c5 6. c3 Nc6 7. Ne2 cxd4 8. cxd4 f6 9. Nf4 Nxd4 10. Qh5+ Ke7 11. Ng6+ hxg6 12. exf6+ Kxf6 13. Qxh8 Kf7 14. 0-0 Nc5 15. Bb1 e5 16. Nb3 Ncxb3 17. axb3 Be6 18. h4 Qf6 19. h5 0-1

[Event "World University-ch 13th"]
[Site "Katowice"]
[Date "2014.08.22"]
[Round "6"]
[White "Krejci, Jan1111"]
[Black "Gergacz, Attila"]
[Result "1-0"]
[WhiteElo "2531"]
[BlackElo "2374"]
[PlyCount "71"]
[EventDate "2014.08.18"]
[EventType "swiss"]
[EventRounds "9"]
[EventCountry "POL"]
[SourceTitle "CBM 161 Extra"]
[Source "ChessBase"]
[SourceDate "2014.08.29"]
[SourceVersion "1"]
[SourceVersionDate "2014.08.29"]
[SourceQuality "1"]

1. d4 b6 2. e4 Bb7 3. Bd3 e6 4. Nf3 d5 5. e5 c5 6. c3 Nc6 7. 0-0 Be7 8. Be3 Nh6 9. Nbd2 cxd4 10. Bxh6 gxh6 11. Nxd4 Nxe5 12. Bb5+ Nd7 13. Qh5 0-0 14. Bxd7 Qxd7 15. N2f3 Bd6 16. Rfe1 Rae8 17. Ne5 Bxe5 18. Rxe5 f6 19. Qg4+ Kh8 20. Rxe6 Rg8 21. Qf5 Rxe6 22. Nxe6 Rg6 23. g3 Bc8 24. Re1 Kg8 25. Qd3 Qxe6 26. Rxe6 Bxe6 27. Qb5 Kf8 28. Qc6 Ke7 29. Qb7+ Bd7 30. Qxd5 Rg5 31. Qe4+ Kd6 32. Qxh7 h5 33. Qf7 Rf5 34. f4 a5 35. Kf2 h4 36. Ke3 1-0